Historia de la inmigración en la argentina /
Guardado en:
| Autor Principal: | |
|---|---|
| Formato: | Libro |
| Publicado: |
Buenos Aires :
Sudamericana,
2009
|
| Edición: | 3a. ed. |
| Series: | Colección Historia Argentina
|
| Materias: | |
| Etiquetas: |
Agregar Etiqueta
Sin Etiquetas, Sea el primero en etiquetar este registro!
|
| LEADER | 01172nam a22002535a 4500 | ||
|---|---|---|---|
| 001 | CEM.cems013235 | ||
| 005 | 20091201090248.0 | ||
| 008 | 130507s2009##################000#0#####d | ||
| 003 | CEMS | ||
| 020 | |a 9789500730396 | ||
| 082 | 0 | 4 | |a 325.82 |
| 100 | 1 | |a Devoto, Fernando | |
| 245 | 1 | 0 | |a Historia de la inmigración en la argentina / |c Fernando Devoto |
| 250 | |a 3a. ed. | ||
| 260 | |a Buenos Aires : |b Sudamericana, |c 2009 | ||
| 300 | |a 528 p. | ||
| 490 | 0 | |a Colección Historia Argentina | |
| 500 | |a Con un apéndice sobre la inmigración limítrofe / Roberto Benencia | ||
| 505 | 0 | |a Enfocar, delimitar, periodizar -- El movimiento migratorio -- Esbozo de una perspectiva regional -- Una perspectiva microanalítica -- Entre mercado, redes y estados -- En la Argentina -- Las migraciones tempranas -- La inmigración de masas -- Antes de la Primera Guerra: la inserción y la integración de los inmigrantes -- El siglo veinte (1918-1960) -- La inmigración limítrofe | |
| 653 | |a Inmigración | ||
| 653 | |a Argentina-inmigración | ||
| 653 | |a Inmigración-argentina | ||
| 653 | |a Inmigración-historia | ||
| 859 | |a CEMS |b BIB. CEMS - 11 de abril |h 325.82 |i D499a3 |p 25733.09 |t Ej.1 | ||
